Générique Max et Compagnie - Paroles - Statistiques

Statistiques générales
  • Ce quiz a été pris 4 fois
  • Le résultat moyen est 23 sur 25
Statistiques - réponses
Paroles % Correct
Attention {Magie}
100%
Attention {Magie}
100%
Attention {Magie}
100%
C'est une drôle de {famille}
100%
Et c'est fou c'que ça {dérange}
100%
Ils ont tous un tas de {pouvoirs} étranges
100%
Le suivent pas à {pas}
100%
Lorsque Max est {là}
100%
Magie, avec eux ça marche {toujours}
100%
Magie, avec eux ça marche {toujours}
100%
Magie, la vie nous joue toujours des {tours}
100%
Magie, Max et {Compagnie}
100%
Magie, Max et {Compagnie}
100%
Magie, Max et {Compagnie}
100%
Magie, Max et {Compagnie}
100%
Magie, Max et {Compagnie}
100%
Magie, Max et {Compagnie}
100%
Manu et puis {Fanny}
100%
Max et {compagnie}
100%
Comme toutes les {filles}
75%
Ils peuvent comme les {anges}
75%
Sabrina, {Pamela}
75%
Se {télétransporter}
75%
Et Fanny pas {sérieuse}
50%
Manu est {consciencieuse}
50%
Aucun quiz correspondant
Distribution des résultats
% des personnes avec chaque résultat
Percentile par nombre de réponses
Votre historique - résultats
Vous n’avez pas pris ce quiz